TRILCE (Registro nro. 29612)
[ vista simple ]
| 000 -CABECERA | |
|---|---|
| campo de control de longitud fija | 00377nam a2200169Ia 4500 |
| 001 - NÚMERO DE CONTROL | |
| campo de control | 27066 |
| 005 - FECHA Y HORA DE LA ÚLTIMA TRANSACCIÓN | |
| campo de control | 20260407082618.0 |
| 008 - CÓDIGOS DE INFORMACIÓN DE LONGITUD FIJA | |
| campo de control de longitud fija | 260115s9999 xx 000 0 und d |
| 035 ## - NÚMERO DE CONTROL DEL SISTEMA | |
| Número de control de sistema | 17334 |
| 090 ## - LOCALMENTE ASIGNADO TIPO-LC NÚMERO DE CLASIFICACIÓN (OCLC); NÚMERO DE CLASIFICACIÓN LOCAL (RLIN) | |
| Número de clasificación (OCLC) (R) ; Numero de clasificación CALL (RLIN) (NR) | 821.134.2(7/8) |
| 100 ## - PUNTO DE ACCESO PRINCIPAL - NOMBRE DE PERSONA | |
| Nombre de persona | VALLEJO CESAR |
| 245 #0 - MENCIÓN DE TÍTULO | |
| Título | TRILCE |
| 260 ## - PUBLICACIÓN, DISTRIBUCIÓN, ETC. (PIE DE IMPRENTA) | |
| Nombre del editor distribuidor etc. | CATEDRA |
| Fecha de publicación distribución etc. | 1998 |
| 630 ## - PUNTO DE ACCESO ADICIONAL DE MATERIA--TÍTULO UNIFORME | |
| Título uniforme | LITERATURA HISPANOAMERICANA |
| 650 ## - PUNTO DE ACCESO ADICIONAL DE MATERIA--TÉRMINO DE MATERIA | |
| Término de materia o nombre geográfico como elemento inicial | POESIA |
| 942 ## - ELEMENTOS DE PUNTO DE ACCESO ADICIONAL (KOHA) | |
| Tipo de ítem Koha | Monografías |
| Estado de retiro | Estado de pérdida | Estado dañado | No para préstamo | Código de colección | Localización permanente | Ubicación/localización actual | Fecha de adquisición | Total de préstamos | Signatura topográfica completa | Código de barras | Fecha visto por última vez | Número de copia | Precio válido a partir de | Tipo de ítem Koha | Nota pública |
|---|---|---|---|---|---|---|---|---|---|---|---|---|---|---|---|
| Servicio de Estudios Históricos | Servicio de Estudios Históricos | 05/10/2002 | 821.134.2(7/8) | 23584 | 05/02/2026 | 1 | 05/02/2026 | Monografías | 128 CTMS. 392 PAGS. MADRID. LETRAS HISPANICAS Nº 321 |
